LEADER 00802nam0-22002891i-450- 001 990003119460403321 035 $a000311946 035 $aFED01000311946 035 $a(Aleph)000311946FED01 035 $a000311946 100 $a20000920d1985----km-y0itay50------ba 101 0 $aeng 102 $aIT 200 1 $aLiquidity with Random Market Closure$fD.K.Levine. 210 $aCambridge$cDepartment of Applied Economics$dUniversity of Cambridge$d\December \\1985. 215 $a44 p.$d20 cm 676 $aF/4 676 $aJ/1.510 702 1$aLevine,$bDavid K. 801 0$aIT$bUNINA$gRICA$2UNIMARC 901 $aBK 912 $a990003119460403321 952 $aA/71 ECO$b2854$fSES 959 $aSES 996 $aLiquidity with Random Market Closure$9460822 997 $aUNINA DB $aING01 LEADER 01066nam a22002651i 4500 001 991002890089707536 005 20040415123801.0 008 040624s1921 xxu|||||||||||||||||eng 035 $ab12993402-39ule_inst 035 $aARCHE-095108$9ExL 040 $aDip.to Beni Culturali$bita$cA.t.i. Arché s.c.r.l. Pandora Sicilia s.r.l. 082 04$a737 100 1 $aNewell, Edward Theodore$0487539 245 10$aAlexander hoards /$cby Edward T. Newell 260 $aNew York :$bThe American numismatic society,$c1921- 300 $av. ;$c17 cm 440 0$aNumismatic notes and monographs ;$v3; 21 650 4$aNumismatica 907 $a.b12993402$b02-04-14$c12-07-04 912 $a991002890089707536 945 $aLE001 N I 6$g1$i2001000079599$lle001$nV. 1. - C. 1$o-$pE0.00$q-$rl$s- $t0$u0$v0$w0$x0$y.i1359896x$z12-07-04 945 $aLE001 N I 6/1$g1$i2001000079582$lle001$nV. 3. - C. 1$o-$pE0.00$q-$rl$s- $t0$u0$v0$w0$x0$y.i13598971$z12-07-04 996 $aAlexander hoards$9284602 997 $aUNISALENTO 998 $ale001$b12-07-04$cm$da $e-$feng$gxxu$h0$i2